00988cam a2200253 a 450000100100000000500170001000800410002704000290006808200200009710000400011724500690015726000300022630000320025649000350028850500950032365000260041865000290044470000380047383000420051191000340055304900090058795201230059699900150071900000922120200929161525.0770412s1959 sp a 000 1 spa  aDO-SdBNPbspacLCdBNPHU aPe863.44bA366n1 aAlegría, Ciro,d1909-1967.91551010aNovelas completas /cCiro Alegría ; prólogo Arturo del Hoyo. aMadrid :bAguilar,c1959. axl, 954 p. :bil. ;c19 cm.1 aBiblioteca de Autores Modernos0 aLa serpiente de oro -- Los perros hambrientos -- El mundo es ancho y ajeno -- Vocabulario. 4aNovela peruana912569 4aLiteratura peruana931401 aHoyo, Arturo del,epról.923911 0aBiblioteca de Autores Modernos923912 aCatalogación por copia / LC aBNGR 001052708MOaGRbGRcCTd2009-09-28iLF1l0oPe863.44 A366np9221-10r2020-06-25w2020-06-25y2ZPréstamo interno c8984d8984